00949nam a22001937a 450000500170000000800410001702000180005804000480007604100080012424502340013226001030036630000330046950000730050250400530057560000510062865000320067970000170071170000270072820220623130147.0220623s2005 caua|||gr|||| 00| 0 eng d a9780520245549 aCO-BoUCMbspacDeissy GarciadDeissy Garcia aeng00aRobert SmithsonbSpiral jetty. True fictions, false realities cCon textos de George Baker ... [y otros.] ; entrevista con Robert Smithson by Kenneth Baker ; edición Lynne Cooke, Karen Kelly, Bettina Funcke, Barbara Schröder aBerkeleybUniversity of California PressaNueva YorkbIn cooperation with Dia Art Foundationc2005 a208 páginasbilustraciones aBibliografía Básica - Facultad de Creación - Pregrado en Artes aIncluye referencias bibliográficas e índices10aSmithson, RobertxCrítica e interpretación aMovimiento de Tierra (Arte) aCooke, Lynne aKelly, Karen J.d1964-